000 00367nam a2200145Ia 4500
008 240624s9999 xx 000 0 und d
041 _aeng
082 _a519.3 BAR
100 _aBARON E N
245 _aGAME THEORY AN INTRODUCTION
250 _a(2nd ed.)
260 _c2013
_aNew Jersey
_bJohn Wiley & Sons
300 _axvii, : 555 : p. : cm. ; 25
365 _c
_b26
999 _c23468
_d23468